000 00779nam a2200193Ii 4500
003 JO-AjNU
008 230605s9999||||xx |||||||||||||| ||und||
040 _aJO-AjNU
_bara
_erda
_cJO-AjNU
041 _aara
050 1 4 _aTK5105.875 2012
100 3 _aالسالمي ، علاء عبد الرزاق محمد حسن ,
_eauthor
_934431
245 0 0 _aالمدخل للحوسبة البشرية الحوسبة البشرية غير المباشرة والمباشرة وحوسبة العقل الانساني
264 3 1 _aالقاهرة : المنظمة العربية ،2012
300 _a231ص
336 _atext
_btxt
_2rdacontent
337 _aunmediated
_bn
_2rdamedia
338 _avolume
_bnc
_2rdacarrier
650 4 _aالعلوم - الهندسة البشرية
_934432
999 _aA14117
_c17685
_d17685